| 000 | 00872nam a22002177a 4500 | ||
|---|---|---|---|
| 003 | BD-DhUL | ||
| 005 | 20160821124409.0 | ||
| 008 | 160821s2001 bg a|||| |||| 00| 0 ben | ||
| 020 | _a9840741454 | ||
| 040 |
_aBD-DhUL _cBD-DhUL |
||
| 082 |
_a320.954 _bRAB |
||
| 100 | 1 | _aরহিম, এনায়েতুর। | |
| 245 | 1 |
_aবাংলায় স্ব-শাসন, ১৯৩৭-১৯৪৩ / _cএনায়েতুর রহিম ; অনুবাদ জাকারিয়া শিরাজী |
|
| 260 |
_aঢাকা : _bবাংলা একাডেমী, _c২০০১। |
||
| 300 |
_aষোল, ২৭৪ পৃ. ; _c২২ সেমি। |
||
| 365 |
_aBDT _b140.00 |
||
| 504 | _aগ্রন্থপঞ্জি: পৃ. ২৫৮-২৭৪। | ||
| 650 | 0 | _aবাংলাদেশ | |
| 650 | 0 | _aBangladesh | |
| 942 |
_2ddc _cBK |
||
| 999 |
_c99823 _d99823 |
||